Statistics for European Geography by Letter - E

Click here to take the quiz!

General Stats

  • This quiz has been taken 157 times
    (142 since last reset)
  • The average score is 13 of 20

Answer Stats

HintAnswer% Correct
Currency of the European Unioneuro
100%
Northernmost of the Baltic countriesEstonia
96%
Capital of ScotlandEdinburgh
95%
Country of the United Kingdom with 84% of the UK's populationEngland
95%
Irish name for IrelandÉire
93%
Most famous monument in ParisEiffel Tower
91%
Body of water separating the UK from FranceEnglish Channel
86%
Italian island Napoleon was exiled to for 10 monthsElba
82%
Nickname for Ireland, referring to a green gemstoneEmerald Isle
79%
Former communist country that reunited with its neighbour in 1990East Germany
76%
Tallest mountain in Europe; located in RussiaMount Elbrus
71%
River over 1,000 km long in Czechia and GermanyElbe
70%
Area where that currency is usedeurozone
64%
Ancient civilization that dominated Italy before being defeated by the RomansEtruscan
55%
Alternative name for the Byzantine EmpireEastern Roman Empire
47%
Second-largest Greek islandEuboea
42%
Historical region and province of the Roman Empire in modern Greece and AlbaniaEpirus
22%
The region of Turkey located in EuropeEast Thrace
15%
Language spoken by around 2,500 people in the Swedish municipality of ÄlvadenElfdalian
9%
Second-largest island of the Faroe Islands, by size and populationEysturoy
7%

Score Distribution

Percentile by Number Answered

Percent of People with Each Score

Your Score History

You have not taken this quiz since the last reset